000 00955nam a2200265Ia 4500
003 OSt
005 20220923224611.0
006 a|||||r|||| 00| 0
007 ta
008 Pun
020 _c300
024 _a245,815
037 _b374ए 11ध्02ध्2011ए ैूंतंर च्तंांेींद
_cTextual
040 _aARTS
_cARTS
_bPun
041 _2Pun
_aPun
082 _aO153,1L30,HR, 152P3
100 _aशाह, वारिस; सिंह, नामवर, संपा.
_9168119
245 0 _aहीर
246 _aHīra
260 _aदिल्ली
_b अनामिका
_c2003
300 _a182पृ0
_ccm.
650 _aपंजाबी निबंध
942 _hO153,1L30,HR, 152P3
_cTEXL
_2CC
999 _c372434
_d372434